The Buchanan Street saga (Record no. 78578)

MARC details
000 -LEADER
fixed length control field 01268cab a22002055a 4500
001 - CONTROL NUMBER
control field L137277
008 - FIXED-LENGTH DATA ELEMENTS--GENERAL INFORMATION
fixed length control field 070327s2007 xxk f v 000 0 eng d
035 ## - SYSTEM CONTROL NUMBER
System control number (Sirsi) u137277
041 0# - LANGUAGE CODE
Language code of text/sound track or separate title eng
100 1# - MAIN ENTRY--PERSONAL NAME
Personal name Robinson, Jeremy Rowan
245 04 - TITLE STATEMENT
Title The Buchanan Street saga
Remainder of title disposal of land held for planning purposes
-- Standard Commercial Property Securities Ltd v Glasgow City Council [2006] UKHL 50
260 ## - PUBLICATION, DISTRIBUTION, ETC.
Date of publication, distribution, etc. 2007
490 #0 - SERIES STATEMENT
Series statement Scottish Planning and Environmental Law
Volume/sequential designation (119) February 2007, 15-17(3)
520 ## - SUMMARY, ETC.
Summary, etc. Discusses ?Standard Commercial Property Securities Ltd v Glasgow City Council? ([2006] UKHL 50, L136013) which resulted from the decision by G to develop a site in the northern area of Glasgow which had multiple ownership. G had decided that it would compulsorily purchase the land and transfer to a preferred developer for redevelopment. The litigation concerned the challenge by S, one of the two largest owners of the site, to the decision of G to enter into an agreement with Atlas Investments Ltd, the other largest owner.
590 ## - LOCAL NOTE (RLIN)
Local note KA
650 24 - SUBJECT ADDED ENTRY--TOPICAL TERM
Topical term or geographic name entry element STANDARD COMMERCIAL PROPERTY SECURITIES LTD V GLASGOW CITY COUNCIL
651 #4 - SUBJECT ADDED ENTRY--GEOGRAPHIC NAME
Geographic name Scotland
Chronological subdivision 1999-
690 ## - LOCAL SUBJECT ADDED ENTRY--TOPICAL TERM (OCLC, RLIN)
Topical term or geographic name as entry element ENVIRONMENTAL AND LAND CONSULTANCY-PLANNING AND DEVELOPMENT
942 ## - ADDED ENTRY ELEMENTS (KOHA)
Suppress in OPAC 0
Holdings
Withdrawn status Lost status Source of classification or shelving scheme Damaged status Not for loan Home library Current library Shelving location Date acquired Total Checkouts Full call number Barcode Date last seen Copy number Price effective from Koha item type
    Dewey Decimal Classification     London London Journal article 27/03/2007   L137277 137277-1001 06/08/2019 1 06/08/2019 Journal article